000 00532nam a2200181Ia 4500
003 GCL
008 140319s9999 xx 000 0 ara d
040 _aGCL /
_cGCL
082 0 4 _a813.03
_bا ا
100 1 _aادوار الخراط
245 1 0 _aاختراقات الهوى والتهلكة: نزوات روائية /
_cادوار الخراط
300 _a212 ص
490 _aكتاب
_v0
650 0 4 _aالادب العربى
650 0 4 _aالمقالات
650 0 4 _aالروايات العربية
942 _2ddc
_cBK
999 _c41956
_d41956